Pathway to India's partition 1937-1947 / (Record no. 102869)

MARC details
000 -LEADER
fixed length control field 00680nam a22002177a 4500
005 - DATE AND TIME OF LATEST TRANSACTION
control field 20181127111013.0
010 ## - LCCN (DPL NO)
LC control number ENG-115846
020 ## - INTERNATIONAL STANDARD BOOK NUMBER
International Standard Book Number 9788173042508
Terms of availability 1250.00
020 ## - INTERNATIONAL STANDARD BOOK NUMBER
International Standard Book Number 8173042500
Terms of availability 1250.00
035 ## - SYSTEM CONTROL NUMBER
System control number EN-99378
037 ## - SOURCE OF ACQUISITION
Source of stock number/acquisition DBAD/PUB
082 ## - DEWEY DECIMAL CLASSIFICATION NUMBER
Classification number 954.0842
100 ## - MAIN ENTRY--PERSONAL NAME
Dates associated with a name Bimal Prasad
245 ## - TITLE STATEMENT
Title Pathway to India's partition 1937-1947 /
Statement of responsibility, etc by Bimal Prasad
260 ## - PUBLICATION, DISTRIBUTION, ETC. (IMPRINT)
Place of publication, distribution, etc New Delhi
Name of publisher, distributor, etc Manohar Publisher's & Distributors
Date of publication, distribution, etc 2016
270 ## - ADDRESS
Address 4753/23,Ansari Road, Daryaganj
City New Delhi
Postal code 110002
300 ## - PHYSICAL DESCRIPTION
Extent 645p.
Dimensions 22cm(Hb)
490 ## - SERIES STATEMENT
Series statement vol-III
500 ## - GENERAL NOTE
General note Includes bibliographical references and index
942 ## - ADDED ENTRY ELEMENTS (KOHA)
Source of classification or shelving scheme Dewey Decimal Classification
Item type English Books
Classification part 954.0842
Call number suffix BIM
Holdings
Withdrawn status Lost status Not for loan Collection code Home library Current library Date acquired Source of acquisition Cost, normal purchase price Full call number Barcode Copy number Cost, replacement price Koha item type
    Not For Loan Non-fiction D.B.Act.Division Bawana 26/08/2016 DBAD/PUB 1250.00 954.0842 BIM EN-99378 1 1250.00 English Books

© Delhi Public Library
Hit Counter
free hit counter